Un indice, un rappeur français - Statistiques

Statistiques générales
  • Ce quiz a été pris 154 fois
  • Le résultat moyen est 20 sur 40
Statistiques - réponses
Indices Réponses % Correct
OVNI Jul
94%
Mme Pavoshko Black M
84%
Charo Niska
82%
92I Booba
78%
Best Life Naps
78%
Maître Gims
75%
Ocho de la mangueuh SDM
75%
Jolie gros bébé Naza
73%
Pologne PLK
72%
Shifter pro SCH
72%
La mélo Tiakola
72%
Donnez lui sa Moulaga Heuss L'Enfoiré
68%
Tonton du rap Rim'K
66%
Top 7 des rappeur qui se sont fait djoufara Favé
63%
La drill c'est, tu vois, ça dénonce, tu vois... Gazo
61%
Caen Orelsan
61%
BBL Theodora
61%
Jolie garce et la soeur de Le Motif Shay
60%
Fenec Nekfeu
54%
Salut c'est... Swipe up Ninho
54%
Validé Hatik
52%
Ténébreux Koba la D
52%
Rien à ter-gra bande de haineux La Mano
50%
Habitué et infréquentable Dosseh
48%
Philly Flingo Alpha Wann
46%
Limonade de chatte Kaaris
45%
Si je sors la AK, je sais qu'ils feront tous caca Lacrim
45%
Affranchis entrepreneur, acteur, producteur... Sofiane
35%
Je te conseil de lui dire bonjour Vald
35%
Il arrive comme un mec pas cool dans les années 30 Freeze Corleone
33%
Il aime bien Josman
33%
Double Gang Leto
32%
Qui t'as invité ? Kalash criminel
27%
Gremlins Guizmo
14%
Grünt 77 Houdi
13%
Couleurs de ma peine Zamdane
13%
Trajectoire Népal
11%
Galette des rois La Fève
10%
Animal nuisible La Fouine
7%
7 lézards Seth Gueko
2%
Aucun quiz correspondant
Distribution des résultats
% des personnes avec chaque résultat
Percentile par nombre de réponses
Votre historique - résultats
Vous n’avez pas pris ce quiz